El crédito hipotecario rural, Alemania, Bélgica, Francia, Italia / (Record no. 167739)
[ view plain ]
| 000 -LEADER | |
|---|---|
| campo de control de longitud fija | 00918nam a2200217 i 4500 |
| 001 - NÚMERO DE CONTROL | |
| campo de control | 167739 |
| 003 - IDENTIFICADOR DE NÚMERO DE CONTROL | |
| campo de control | ES-MaACL |
| 005 - FECHA Y HORA DE LA ÚLTIMA TRANSACCIÓN | |
| campo de control | 20251002200939.0 |
| 008 - DATOS DE LONGITUD FIJA--INFORMACIÓN GENERAL | |
| campo de control de longitud fija | 971031q19001950sp |||| | spa d |
| 040 ## - FUENTE DE CATALOGACIÓN | |
| Centro catalogador/agencia de origen | CLM |
| Lengua de catalogación | spa |
| Centro/agencia transcriptor | CLM |
| 080 #4 - NÚMERO DE LA CLASIFICACIÓN DECIMAL UNIVERSAL | |
| Número de la Clasificación Decimal Universal | 336.77:338.43 |
| 100 1# - ENTRADA PRINCIPAL--NOMBRE DE PERSONA | |
| Nombre de persona | Vliebergh, E. |
| 9 (RLIN) | 133816 |
| 245 10 - MENCIÓN DEL TÍTULO | |
| Título | El crédito hipotecario rural, Alemania, Bélgica, Francia, Italia / |
| Mención de responsabilidad, etc. | por E. Vliebergh ; versión española de la segunda edición francesa notablemente modificada ; traducción y apéndice de Juan de Hinojosa Ferrer. |
| 260 ## - PUBLICACIÓN, DISTRIBUCIÓN, ETC. | |
| Lugar de publicación, distribución, etc. | Madrid : |
| Nombre del editor, distribuidor, etc. | Saturnino Calleja-Fernandez, |
| Fecha de publicación, distribución, etc. | [s.a.] ( |
| Fabricante | Imp. de los Hijos de R. Alvarez) |
| 300 ## - DESCRIPCIÓN FÍSICA | |
| Extensión | 2 v. (256 ; 224) ; |
| Dimensiones | 20 cm. |
| 596 #1 - NOTA AL PIE DE IMPRENTA | |
| NOTA AL PIE DE IMPRENTA | La primera ed. francesa se publicó en 1899. |
| 650 #4 - PUNTO DE ACCESO ADICIONAL DE MATERIA--TÉRMINO DE MATERIA | |
| Término de materia o nombre geográfico como elemento de entrada | Desarrollo agricola- |
| Subdivisión general | Créditos. |
| 9 (RLIN) | 135909 |
| 700 11 - ENTRADA AGREGADA--NOMBRE PERSONAL | |
| Nombre de persona | Hinojosa Ferrer, Juan de, |
| Fechas asociadas al nombre | 1886-1955 |
| 9 (RLIN) | 63777 |
| 852 ## - LOCALIZACIÓN | |
| Ubicación | ES-MaACL |
| Número de control de estantería | F-1711-1712 |
| Nota libre | -- Rúst. |
| Estatus retirado | Estado de pérdida | Estado de daño | No para préstamo | Biblioteca de origen | Biblioteca actual | Ubicación en estantería | Fecha de adquisición | Fuente de adquisición | Total de préstamos | Signatura topográfica completa | Código de barras | Visto por última vez | Precio de reemplazo | Tipo de ítem Koha |
|---|---|---|---|---|---|---|---|---|---|---|---|---|---|---|
| Biblioteca del Ateneo de Madrid | Biblioteca del Ateneo de Madrid | Depósito 2 | 17/01/2008 | F-1711-1712 | 1175975 | 23/02/2023 | 23/02/2023 | Libro impreso |
